| 000 | 00676nam a2200217Ia 4500 | ||
|---|---|---|---|
| 005 | 20220122100909.0 | ||
| 008 | 210716s2012 xx 000 0 und d | ||
| 020 | _a9780071077910 | ||
| 040 | _cAIMIT LIBRARY | ||
| 041 | _aeng | ||
| 082 |
_a332.12 _21 _bVIJM |
||
| 100 |
_aVij, Madhu. _914334 |
||
| 245 |
_aMerchant banking and financial services / _cby Madhu Vij and Swati Dhawan. |
||
| 250 | _a1 | ||
| 260 |
_aNew Delhi: _bTata McGraw Hill Publishing Company Ltd, _c2012. |
||
| 300 | _axxii,535p. ;24cm. | ||
| 650 |
_aFinancial Markets _914335 |
||
| 650 |
_aNon-Banking Finance Companies _914336 |
||
| 700 |
_aDhawan, Swati _914337 |
||
| 942 |
_2ddc _cBK _e1 _k332.12 VIJM |
||
| 999 |
_c207963 _d207963 |
||